000 00749nas a2200265 4500
001 BR7801746
003 BR-BrBNA
005 20231205083410.0
007 ta
008 230509b bl.|||p| |||| 00| 00por d
040 _aBR-BrBNA
_bpor
_cBiblioteca Nacional de Agricultura
041 _a(Pt)
072 _aH20
100 1 _aChagas, C.M.
100 1 _aNoronha, A.
100 1 _aJuly, J.R.
245 1 _aOcorrencia de um complexo viral em Cymbidium no Brasil [Orquidea, mosaico, necrose]
650 _aORQUIDEA
650 _aVIRUS
650 _aMOSAICO
650 _aNECROSE
773 0 _tBiologico (Brazil)
_xISSN 0045-2041
_g(Mar 1977), v. 43(3-4) p. 72-77
_wBR7801746
909 _a202311
_bLúcia
_c55
_dLúcia Elande
942 _2AGRIS
_n0
_cANA
999 _c98473
_d98473